Quel est le titre de cette musique de Josman ? Part 3 - Statistiques

Statistiques générales
  • Ce quiz a été pris 48 fois
  • Le résultat moyen est 3 sur 14
Statistiques - réponses
Hint Réponse % Correct
J'aime bien t'regarder, j'sais qu'tu simules jamais, j'aime bien quand on finit en simultané :) J'aime bien!
87%
Génération Loi du Talion, génération Air Max, TN, tombées du camion Brûle ( ft Laylow)
50%
De la voiture on était au seuilOn a franchi le pas, on a franchi le seuil J'ai très souvent été solo donc j'avais l'habitude quand tu m'as laissé seul Seuil ( ft ELIA )
21%
Y a des enfants qui mangent pas au YémenDieu est grand, le monde est p'tit E sheitan nous observe à la loupe YEMEN, pt. I ( ft Kalash Criminel)
21%
Nique la police, l'OPJ l'inspecteur et son colonelC'est pour mes gars qui vendent le chocolat pour faire du caramel L'eau ( Interlude)
18%
T'es même pas une bête de meuf, t'es juste jolie J'te considère comme une erreur J'ai perdu mon temps, c'est juste un coup d'folie GO GO GO (ft Jorja Smith)
13%
J'suis dans le cercle, j'suis dans la ronde face à des keufs qui portent le képi
J'suis dans la street, je vagabonde entre la fume, les sseufs et les llets-bi Nouvelle année, nouveau salaire donc nouvelle kush, j'espère qu'elle s'épile
Rentre dans le cercle
11%
Faut qu'je pense à la prièreC'est pourtant pas difficile Paradoxal, mais j'ai besoin de liquide Pour pouvoir mettre mes parents à l'abri, Censé faire ( ft OI Kainry)
8%
Je sais que la vie est brève Je sais qu'un jour tout s'achève Je sais qu'le chrono me presse BAG (skit)
5%
Car sans toi, j'ai un p'tit peu froidAvec toi, c'est chaud, j'ai chaud dans tes bras Le feu (ft Josman)
5%
Entre les coups de mains et les coups de crasses, j'attends qu'la vie m'porte le coup de grâce New Level (ft Lefa)
5%
Elle croit que j'ai une vie de oufJ'fais juste l'argent mais je m'ennui Et c'est pas toi qu'assouvira mes envies Captain Morgan (ft Eazy Dew)
3%
Le quotidien n'est pas très alléchant dans nos zones Les cœurs de certains n'battent que pour l'oseille Carré rouge (ft Soso Maness)
3%
J'parle avec mon joint, pousse d'la reflexionJ'évite les peines et les déceptions Mes sentiments dans l'cendrier FUME
3%
Aucun quiz correspondant
Distribution des résultats
% des personnes avec chaque résultat
Percentile par nombre de réponses
Votre historique - résultats
Vous n’avez pas pris ce quiz